[Event "Online Olym Div4 E"]
[Site "Chess.com INT"]
[Date "2021.08.20"]
[Round "1.5"]
[White "Etienne, Angelo"]
[Black "Pride, Avian"]
[Result "1-0"]
[WhiteElo "1995"]
[BlackElo "1208"]
[PlyCount "93"]
[EventDate "2021.08.20"]
[EventType "team (rapid)"]
[EventRounds "11"]
[EventCountry "USA"]
[SourceTitle "CBM 203 Extra"]
[Source "ChessBase"]
[SourceDate "2021.09.30"]
[SourceVersion "1"]
[SourceVersionDate "2021.09.30"]
[SourceQuality "1"]
[WhiteTeam "Haiti"]
[BlackTeam "Bahamas"]
[WhiteTeamCountry "HAI"]
[BlackTeamCountry "BAH"]

1. d4 d5 2. Nf3 Nf6 3. Bf4 Nc6 4. e3 Bf5 5. Bd3 Bxd3 6. cxd3 e6 7. Qb3 b6 8. 0-0 Bd6 9. Rc1 Bxf4 10. Rxc6 Bd6 11. Na3 Qd7 12. Rc2 a6 13. Rac1 Rc8 14. Ne5 Bxe5 15. dxe5 Ng4 16. d4 0-0 17. Qd3 a5 18. h3 Nh6 19. Qb5 Qe7 20. Qe2 c5 21. dxc5 bxc5 22. Qb5 f6 23. exf6 Rxf6 24. Rxc5 Rxc5 25. Qxc5 Rf7 26. Qxe7 Rxe7 27. Rc5 Ra7 28. Nb5 Rb7 29. Rc8+ Kf7 30. Nd6+ Kf6 31. Nxb7 Nf5 32. Nxa5 Nd6 33. Rc6 Ne4 34. a4 Nd2 35. b4 Ke7 36. b5 Kd7 37. b6 Nc4 38. Rc7+ Kd8 39. Nxc4 dxc4 40. Rxc4 Kd7 41. b7 Kd8 42. b8Q+ Kd7 43. Qb6 Ke7 44. Rf4 Kd7 45. Rf7+ Ke8 46. Qc7 g5 47. Qe7# 1-0

[Event "Online Olym Div4 E"]
[Site "Chess.com INT"]
[Date "2021.08.20"]
[Round "2.2"]
[White "Pride, Avian"]
[Black "Gontcharov, Dimitri"]
[Result "0-1"]
[WhiteElo "1208"]
[BlackElo "1448"]
[PlyCount "148"]
[EventDate "2021.08.20"]
[EventType "team (rapid)"]
[EventRounds "11"]
[EventCountry "USA"]
[SourceTitle "CBM 203 Extra"]
[Source "ChessBase"]
[SourceDate "2021.09.30"]
[SourceVersion "1"]
[SourceVersionDate "2021.09.30"]
[SourceQuality "1"]
[WhiteTeam "Bahamas"]
[BlackTeam "Bermuda"]
[WhiteTeamCountry "BAH"]
[BlackTeamCountry "BER"]

1. d4 Nf6 2. c4 e5 3. d5 Bb4+ 4. Bd2 Bc5 5. Nf3 d6 6. b4 Bb6 7. a4 a6 8. a5 Ba7 9. Qc2 Nbd7 10. e4 Ng4 11. h3 Nxf2 12. Rh2 Nf6 13. Bg5 N2xe4 14. Qxe4 Nxe4 15. Bxd8 Kxd8 16. Bd3 Nf6 17. Ng5 Ke7 18. Nc3 Bd4 19. Kd2 h6 20. Nf3 Bxc3+ 21. Kxc3 Re8 22. Re1 Kf8 23. Bc2 Bd7 24. g4 c6 25. Be4 cxd5 26. Bxd5 Nxd5+ 27. cxd5 Rac8+ 28. Kb3 Bb5 29. Nd2 Rc7 30. Re4 Rec8 31. Rf2 Rc3+ 32. Kb2 Rxh3 33. Nf3 Rc4 34. Nd2 Rxe4 35. Nxe4 Re3 36. Nxd6 f6 37. Nxb7 Ke7 38. Nc5 Re2+ 39. Rxe2 Bxe2 40. Kc3 Bb5 41. Nb7 Kd7 42. Nc5+ Kd6 43. Ne6 g6 44. Kb3 Kxd5 45. Nc7+ Kc6 46. Ne6 f5 47. gxf5 gxf5 48. Nd8+ Kd5 49. Nf7 h5 50. Ng5 e4 51. Kc3 h4 52. Nh3 Ke5 53. Nf2 Kf4 54. Nh3+ Kg3 55. Ng1 f4 56. Kd2 e3+ 57. Ke1 Kg2 58. Ne2 Bxe2 59. Kxe2 h3 60. b5 axb5 61. a6 f3+ 62. Kxe3 f2 63. a7 f1Q 64. a8Q+ Kg1 65. Qg8+ Qg2 66. Qf8 Qg3+ 67. Ke2 Qg2+ 68. Ke3 h2 69. Qb4 Qf2+ 70. Kd3 Qf3+ 71. Kd2 h1Q 72. Qb3 Qxb3 73. Kc1 Kg2+ 74. Kd2 Qhd1# 0-1